[Event "Blonduos Icelandic op"]
[Site "Blonduos"]
[Date "2025.06.20"]
[Round "8"]
[White "Stefansson, Vignir Vatnar"]
[Black "Schitco, Ivan"]
[Result "1/2-1/2"]
[WhiteElo "2515"]
[BlackElo "2483"]
[PlyCount "42"]
[EventDate "2025.06.15"]
[EventType "swiss"]
[EventRounds "9"]
[EventCountry "ISL"]
[SourceTitle "CB26_2025"]
[SourceDate "2025.06.25"]
[SourceVersion "1"]
[SourceVersionDate "2025.06.25"]
[SourceQuality "1"]

1. e4 c5 2. Nf3 d6 3. Bb5+ Bd7 4. Bxd7+ Nxd7 5. 0-0 Ngf6 6. Qe2 e6 7. b3 Be7 8. Bb2 0-0 9. c4 Re8 10. d4 d5 11. Nbd2 dxe4 12. Nxe4 Qc7 13. Rfd1 Rad8 14. Rd2 cxd4 15. Bxd4 e5 16. Bc3 Nxe4 17. Qxe4 f6 18. Qd5+ Kf8 19. Qe4 Kg8 20. Qd5+ Kf8 21. Qe4 Kg8 1/2-1/2

[Event "Blonduos Icelandic op"]
[Site "Blonduos"]
[Date "2025.06.18"]
[Round "6"]
[White "Domalchuk Jonasson, Aleksandr"]
[Black "Stefansson, Vignir Vatnar"]
[Result "1/2-1/2"]
[WhiteElo "2350"]
[BlackElo "2515"]
[PlyCount "52"]
[EventDate "2025.06.15"]
[EventType "swiss"]
[EventRounds "9"]
[EventCountry "ISL"]
[SourceTitle "CB26_2025"]
[SourceDate "2025.06.25"]
[SourceVersion "1"]
[SourceVersionDate "2025.06.25"]
[SourceQuality "1"]

1. e4 c5 2. c3 Nf6 3. e5 Nd5 4. Nf3 Nc6 5. Bc4 Nb6 6. Bb3 d5 7. exd6 Qxd6 8. 0-0 e5 9. Na3 Be7 10. Re1 0-0 11. d4 exd4 12. cxd4 Bg4 13. dxc5 Qxc5 14. Be3 Qh5 15. h3 Bxf3 16. Qxf3 Qxf3 17. gxf3 Ne5 18. Kg2 Nd3 19. Re2 Rae8 20. Rd1 Nxb2 21. Rxb2 Bxa3 22. Rc2 Nc8 23. Rd7 Re7 24. Rcc7 Rxd7 25. Rxd7 b6 26. Bc4 Nd6 1/2-1/2

[Event "Blonduos Icelandic op"]
[Site "Blonduos"]
[Date "2025.06.16"]
[Round "2"]
[White "Peycheva, Gergana"]
[Black "Stefansson, Vignir Vatnar"]
[Result "0-1"]
[WhiteElo "2200"]
[BlackElo "2515"]
[PlyCount "86"]
[EventDate "2025.06.15"]
[EventType "swiss"]
[EventRounds "9"]
[EventCountry "ISL"]
[SourceTitle "CB26_2025"]
[SourceDate "2025.06.25"]
[SourceVersion "1"]
[SourceVersionDate "2025.06.25"]
[SourceQuality "1"]

1. d4 Nf6 2. c4 e6 3. Nc3 Bb4 4. e3 Nc6 5. Nge2 d5 6. a3 Bd6 7. c5 Be7 8. b4 e5 9. b5 exd4 10. exd4 Na5 11. Ng3 0-0 12. Bd3 b6 13. cxb6 cxb6 14. 0-0 Be6 15. Nf5 Rc8 16. Nxe7+ Qxe7 17. Na2 Ne4 18. f3 Nd6 19. Nb4 Qf6 20. Kh1 Kh8 21. Bb2 Nac4 22. Bxc4 dxc4 23. a4 c3 24. Bc1 Rc4 25. Nc6 Bd5 26. Ne5 c2 27. Qd2 Rc7 28. Ba3 Rfc8 29. Bxd6 Qxd6 30. Rfc1 f6 31. Ng4 Bb3 32. h3 Rc4 33. d5 Qc5 34. Nf2 Rd4 35. Qe2 Qxd5 36. Qe3 Bxa4 37. Kh2 Qe5+ 38. Qxe5 fxe5 39. Ng4 e4 40. fxe4 Rxe4 41. Ra3 h5 42. Nf2 Rd4 43. Nd3 Bxb5 0-1

[Event "Helsingor Kronborg GM"]
[Site "Helsingor"]
[Date "2025.06.01"]
[Round "9"]
[White "Hansen, Sune Berg"]
[Black "Stefansson, Vignir Vatnar"]
[Result "1/2-1/2"]
[WhiteElo "2503"]
[BlackElo "2528"]
[PlyCount "116"]
[EventDate "2025.05.28"]
[EventType "tourn"]
[EventRounds "9"]
[EventCountry "DEN"]
[EventCategory "8"]
[SourceTitle "CB23_2025"]
[SourceDate "2025.06.04"]
[SourceVersion "1"]
[SourceVersionDate "2025.06.04"]
[SourceQuality "1"]

1. c4 e5 2. Nc3 Nc6 3. Nf3 f5 4. e3 Be7 5. d4 e4 6. Ng1 Nf6 7. Nh3 0-0 8. a3 Qe8 9. b4 d6 10. Bd2 Nd8 11. Nb5 Ne6 12. d5 a6 13. Nc3 Nd8 14. Be2 Nf7 15. Nf4 g5 16. Ne6 Bxe6 17. dxe6 Nd8 18. Nd5 Nxe6 19. Bc3 Rd8 20. g4 f4 21. exf4 Nxd5 22. Qxd5 Qf7 23. f5 Nf4 24. Qd4 Bf6 25. Qxf6 Qxf6 26. Bxf6 Rxf6 27. Kd2 Kg7 28. h4 h6 29. hxg5 hxg5 30. Rh2 Rf7 31. Rah1 Kf6 32. Rh8 Rdd7 33. Bf1 c6 34. Re8 Rde7 35. Rhh8 d5 36. cxd5 cxd5 37. b5 d4 38. Rh6+ Ke5 39. Rxe7+ Rxe7 40. bxa6 bxa6 41. Rxa6 Rc7 42. Ra5+ Nd5 43. Be2 d3 44. Bd1 Rb7 45. f6 Rb2+ 46. Ke1 d2+ 47. Ke2 Kd6 48. Rxd5+ Kxd5 49. f7 Rb8 50. Bb3+ Kd6 51. Kxd2 Ke7 52. Bc4 Ra8 53. Ke3 Ra4 54. Bd5 Kf8 55. Be6 Kg7 56. Bd5 Rxa3+ 57. Kxe4 Ra4+ 58. Kf5 Ra5 1/2-1/2

[Event "Helsingor Kronborg GM"]
[Site "Helsingor"]
[Date "2025.05.29"]
[Round "3"]
[White "Pajeken, Jakob Leon"]
[Black "Stefansson, Vignir Vatnar"]
[Result "1/2-1/2"]
[WhiteElo "2440"]
[BlackElo "2528"]
[PlyCount "71"]
[EventDate "2025.05.28"]
[EventType "tourn"]
[EventRounds "9"]
[EventCountry "DEN"]
[EventCategory "8"]
[SourceTitle "CB23_2025"]
[SourceDate "2025.06.04"]
[SourceVersion "1"]
[SourceVersionDate "2025.06.04"]
[SourceQuality "1"]

1. e4 d6 2. d4 Nf6 3. Nc3 e5 4. Nge2 c6 5. a4 Be7 6. g3 exd4 7. Qxd4 d5 8. exd5 cxd5 9. Bg2 Nc6 10. Qd1 d4 11. Nb5 Bc5 12. 0-0 0-0 13. c3 d3 14. Nf4 Bf5 15. Be3 Bxe3 16. fxe3 Qb6 17. Nd4 Nxd4 18. exd4 Qa6 19. Qb3 Be4 20. Rad1 Bxg2 21. Kxg2 Ng4 22. Rxd3 Rae8 23. c4 g5 24. h3 gxf4 25. hxg4 Re2+ 26. Rf2 Rxf2+ 27. Kxf2 fxg3+ 28. Kxg3 Qd6+ 29. Kg2 Re8 30. Re3 Rxe3 31. Qxe3 Qc6+ 32. Kg3 Qxc4 33. Qg5+ Kf8 34. Qd8+ Kg7 35. Qg5+ Kf8 36. Qd8+ 1/2-1/2

[Event "Helsingor Kronborg GM"]
[Site "Helsingor"]
[Date "2025.05.28"]
[Round "2"]
[White "Stefansson, Vignir Vatnar"]
[Black "Grieve, Harry"]
[Result "1-0"]
[WhiteElo "2528"]
[BlackElo "2471"]
[PlyCount "81"]
[EventDate "2025.05.28"]
[EventType "tourn"]
[EventRounds "9"]
[EventCountry "DEN"]
[EventCategory "8"]
[SourceTitle "CB23_2025"]
[SourceDate "2025.06.04"]
[SourceVersion "1"]
[SourceVersionDate "2025.06.04"]
[SourceQuality "1"]

1. Nf3 d5 2. g3 Nc6 3. d4 Bf5 4. Bg2 Nb4 5. Na3 e6 6. Nh4 Bg4 7. c3 Nc6 8. Qb3 Rb8 9. e4 dxe4 10. Bxe4 Be7 11. Nc4 Bxh4 12. gxh4 Nge7 13. Rg1 Bf5 14. Bf3 0-0 15. h5 Kh8 16. h6 g6 17. Bg5 f6 18. Bd2 b5 19. Ne3 Qd6 20. 0-0-0 Rfe8 21. Rge1 Bd3 22. Ng4 Nd5 23. Nxf6 Nxf6 24. Bg5 Bc4 25. Bxf6+ Kg8 26. Qc2 Qf4+ 27. Re3 Qxf6 28. Bxc6 Rf8 29. Rg1 Kh8 30. b3 Bd5 31. Bxd5 exd5 32. Re2 b4 33. Rg3 a5 34. Kb1 a4 35. cxb4 Rxb4 36. Qxc7 Rxd4 37. Rf3 Rd1+ 38. Kc2 Rc1+ 39. Kxc1 Qa1+ 40. Kd2 Qxa2+ 41. Qc2 1-0

[Event "Stockholm Hotel N GM 2nd"]
[Site "Upplands Vasby"]
[Date "2025.04.28"]
[Round "2"]
[White "Seo, Jung Min"]
[Black "Stefansson, Vignir Vatnar"]
[Result "1/2-1/2"]
[WhiteElo "2479"]
[BlackElo "2536"]
[PlyCount "26"]
[EventDate "2025.04.28"]
[EventType "tourn"]
[EventRounds "10"]
[EventCountry "SWE"]
[EventCategory "10"]
[SourceTitle "CB19_2025"]
[SourceDate "2025.05.07"]
[SourceVersion "1"]
[SourceVersionDate "2025.05.07"]
[SourceQuality "1"]

1. e4 e6 2. d4 d5 3. Nc3 Nf6 4. e5 Nfd7 5. f4 c5 6. Nf3 Nc6 7. Be3 Qb6 8. Na4 Qa5+ 9. Nc3 Qb6 10. Na4 Qa5+ 11. Nc3 Qb6 12. Na4 Qa5+ 13. Nc3 Qb6 1/2-1/2

[Event "Reykjavik op"]
[Site "Reykjavik"]
[Date "2025.04.13"]
[Round "6"]
[White "Stefansson, Vignir Vatnar"]
[Black "Dushyant, Sharma"]
[Result "1-0"]
[WhiteElo "2536"]
[BlackElo "2313"]
[PlyCount "55"]
[EventDate "2025.04.09"]
[EventType "swiss"]
[EventRounds "9"]
[EventCountry "ISL"]
[SourceTitle "CB17_2025"]
[SourceDate "2025.04.23"]
[SourceVersion "1"]
[SourceVersionDate "2025.04.23"]
[SourceQuality "1"]

1. d4 d5 2. c4 e6 3. Nf3 Nf6 4. g3 Be7 5. Bg2 0-0 6. Nc3 dxc4 7. Ne5 c5 8. dxc5 Qxd1+ 9. Nxd1 Bxc5 10. Ne3 c3 11. bxc3 Bxe3 12. Bxe3 Nd5 13. Bc5 Re8 14. c4 Nb6 15. a4 N8d7 16. Nxd7 Bxd7 17. a5 Nxc4 18. Bxb7 Rab8 19. a6 Bc8 20. Bc6 Rd8 21. Bxa7 Rb2 22. 0-0 Ne5 23. Bd4 Rxd4 24. a7 Nxc6 25. a8Q Ne7 26. Ra7 Kf8 27. Rc1 Rd8 28. Rxe7 1-0

[Event "Titled Tuesday intern op 01st Apr Late"]
[Site "Chess.com INT"]
[Date "2025.04.01"]
[Round "7"]
[White "Kazakouski, Valery"]
[Black "Stefansson, Vignir Vatnar"]
[Result "1/2-1/2"]
[WhiteElo "2563"]
[BlackElo "2536"]
[PlyCount "176"]
[EventDate "2025.04.01"]
[EventType "swiss (blitz)"]
[EventRounds "11"]
[EventCountry "USA"]
[SourceTitle "CB21_2025"]
[SourceDate "2025.05.21"]
[SourceVersion "1"]
[SourceVersionDate "2025.05.21"]
[SourceQuality "1"]

1. e4 d6 2. d4 Nf6 3. Nc3 e5 4. Nf3 Nbd7 5. Bc4 Be7 6. 0-0 c6 7. a4 a5 8. Re1 h6 9. h3 g5 10. Ba2 g4 11. hxg4 Nxg4 12. dxe5 dxe5 13. Qd3 Rg8 14. Nd1 Bh4 15. Re2 Qf6 16. Nxh4 Qxh4 17. Qg3 Qh5 18. f3 Ngf6 19. Qf2 Nf8 20. Ne3 Ng6 21. Nf5 Bxf5 22. exf5 Qxf5 23. Bd2 Nf4 24. Bxf4 Qxf4 25. Rae1 Nd7 26. Re4 Qf5 27. f4 Rg4 28. fxe5 Qxf2+ 29. Kxf2 Rxe4 30. Rxe4 Ke7 31. Bc4 Rg8 32. b3 Rg5 33. e6 Nc5 34. Rh4 fxe6 35. Rxh6 Ne4+ 36. Ke3 Nf6 37. Kf3 Rf5+ 38. Ke2 Rg5 39. Kf3 Rg7 40. Rh1 Nd7 41. Kf2 Ne5 42. Be2 Rf7+ 43. Ke3 Rg7 44. Kf2 Kf6 45. Rh4 Ng6 46. Rc4 Ke5 47. g3 Rf7+ 48. Ke3 Ne7 49. Rc5+ Nd5+ 50. Kd2 Kd6 51. Rxa5 Rg7 52. c4 Nf6 53. c5+ Ke5 54. Ra8 Ne4+ 55. Kc2 Rxg3 56. Bc4 Rg2+ 57. Kc1 Nxc5 58. Rd8 Rg1+ 59. Kc2 Rg2+ 60. Kc3 Kf6 61. Kb4 Ne4 62. Rd7 b6 63. a5 bxa5+ 64. Kxa5 c5 65. Kb6 Ke5 66. Kc6 Rd2 67. Re7 Ng5 68. Kxc5 Kf6 69. Re8 Rf2 70. Rf8+ Nf7 71. b4 Ke7 72. Rc8 Rf5+ 73. Kb6 Nd6 74. Rc7+ Kd8 75. Rc6 Kd7 76. Rc7+ Kd8 77. Rc6 Kd7 78. b5 Rf4 79. Rc7+ Kd8 80. Bxe6 Ne4 81. Rd7+ Ke8 82. Rd4 Ke7 83. Bd5 Nf6 84. Rxf4 Nxd5+ 85. Kc6 Nxf4 86. b6 Ne6 87. b7 Nd8+ 88. Kc7 Nxb7 1/2-1/2

[Event "EU-ch 25th"]
[Site "Eforie Nord"]
[Date "2025.03.24"]
[Round "9"]
[White "Hnydiuk, Aleksander"]
[Black "Stefansson, Vignir Vatnar"]
[Result "1/2-1/2"]
[WhiteElo "2328"]
[BlackElo "2551"]
[PlyCount "113"]
[EventDate "2025.03.15"]
[EventType "swiss"]
[EventRounds "11"]
[EventCountry "ROU"]
[SourceTitle "CB13_2025"]
[SourceDate "2025.03.26"]
[SourceVersion "1"]
[SourceVersionDate "2025.03.26"]
[SourceQuality "1"]

1. Nf3 d6 2. d4 Nf6 3. c4 g6 4. g3 Bd7 5. Nc3 Bg7 6. Bg2 Qc8 7. 0-0 Bh3 8. Qb3 Bxg2 9. Kxg2 0-0 10. h3 a5 11. Be3 Re8 12. Rfd1 Nbd7 13. Rac1 c6 14. Qc2 Qc7 15. Qd2 Rad8 16. Bh6 e5 17. Bxg7 Kxg7 18. e4 exd4 19. Qxd4 Qb6 20. Qxb6 Nxb6 21. Nd2 Nfd7 22. b3 Nc5 23. Rc2 Nbd7 24. Nf1 Nb8 25. f3 Kf8 26. Rcd2 Ke7 27. Ne3 Nba6 28. Kf2 a4 29. bxa4 Rd7 30. h4 h5 31. g4 hxg4 32. Nxg4 Nc7 33. f4 Ra8 34. e5 dxe5 35. Nxe5 Rxd2+ 36. Rxd2 Ne8 37. Kf3 Nd6 38. Re2 Ne6 39. Rb2 Rh8 40. Kg4 Kf6 41. Ne2 Kg7 42. Rd2 Ne4 43. Rb2 N6c5 44. Ng3 Nf6+ 45. Kh3 Re8 46. Kg2 Ra8 47. Rb4 Rd8 48. Rb2 Rd4 49. Kf3 Ne8 50. Ke3 Rd8 51. Ne4 Nxe4 52. Kxe4 Nd6+ 53. Kf3 c5 54. Rb6 Kf8 55. a5 Kg7 56. a6 bxa6 57. Rxa6 1/2-1/2

[Event "EU-ch 25th"]
[Site "Eforie Nord"]
[Date "2025.03.19"]
[Round "5"]
[White "Ahmad, Khagan"]
[Black "Stefansson, Vignir Vatnar"]
[Result "1-0"]
[WhiteElo "2391"]
[BlackElo "2551"]
[PlyCount "101"]
[EventDate "2025.03.15"]
[EventType "swiss"]
[EventRounds "11"]
[EventCountry "ROU"]
[SourceTitle "CB13_2025"]
[SourceDate "2025.03.26"]
[SourceVersion "1"]
[SourceVersionDate "2025.03.26"]
[SourceQuality "1"]

1. Nf3 e6 2. c4 f5 3. g3 Nf6 4. Bg2 g6 5. 0-0 Bg7 6. Nc3 0-0 7. d3 d5 8. cxd5 exd5 9. Bf4 c6 10. e4 d4 11. Qb3+ Kh8 12. e5 dxc3 13. exf6 Qxf6 14. Be5 Qf7 15. Qxc3 Nd7 16. Ng5 Qe7 17. Bxg7+ Qxg7 18. Qxg7+ Kxg7 19. Ne6+ Kf6 20. Nxf8 Nxf8 21. b4 Ne6 22. d4 Nc7 23. a4 a6 24. d5 Nxd5 25. Bxd5 cxd5 26. Rfd1 Be6 27. Rac1 Bd7 28. Rxd5 Bxa4 29. Rc7 Bc6 30. Rd6+ Ke5 31. Rd2 g5 32. Rxh7 Rc8 33. Re7+ Kf6 34. Re1 g4 35. Rd6+ Kf7 36. Re5 Be4 37. Rc5 Rxc5 38. bxc5 a5 39. Rd4 Bc6 40. Kf1 a4 41. Ke1 Ke6 42. Rd3 Be4 43. Rd6+ Ke5 44. h4 a3 45. Rd1 a2 46. Ra1 Bb1 47. Kd2 Ke4 48. h5 Ke5 49. Ke3 f4+ 50. gxf4+ Kf5 51. Kd4 1-0

[Event "Titled Tuesday intern op 11th Mar Late"]
[Site "Chess.com INT"]
[Date "2025.03.11"]
[Round "7"]
[White "Stefansson, Vignir Vatnar"]
[Black "Melillo, Lucius"]
[Result "1-0"]
[WhiteElo "2551"]
[BlackElo "2195"]
[PlyCount "77"]
[EventDate "2025.03.11"]
[EventType "swiss (blitz)"]
[EventRounds "11"]
[EventCountry "USA"]
[SourceTitle "CB12_2025"]
[SourceDate "2025.03.19"]
[SourceVersion "1"]
[SourceVersionDate "2025.03.19"]
[SourceQuality "1"]

1. Nc3 d5 2. e4 dxe4 3. Nxe4 Nf6 4. Nxf6+ exf6 5. d4 Bd6 6. Bd3 0-0 7. Ne2 Re8 8. 0-0 Nd7 9. Bf4 Nf8 10. Bxd6 Qxd6 11. Qd2 Ng6 12. Rfe1 Be6 13. c3 Rad8 14. Ng3 Qf4 15. Qc2 c6 16. a4 a5 17. Re4 Qd6 18. Rae1 Nf4 19. Bf1 g6 20. Qd2 Nd5 21. h4 f5 22. Re5 h5 23. Qg5 Qe7 24. Qh6 Qf8 25. Qd2 Nf6 26. Rxa5 Bd5 27. Ra7 Rxe1 28. Qxe1 Re8 29. Qd2 Qe7 30. a5 Ne4 31. Nxe4 Qxe4 32. Rxb7 Qb1 33. Qd3 Re1 34. Qxb1 Rxb1 35. a6 Bc4 36. a7 Rxf1+ 37. Kh2 Ra1 38. Rb8+ Kg7 39. a8Q 1-0

[Event "Titled Tuesday intern op 11th Mar Late"]
[Site "Chess.com INT"]
[Date "2025.03.11"]
[Round "9"]
[White "Stefansson, Vignir Vatnar"]
[Black "Yelisieiev, Yevhenii"]
[Result "0-1"]
[WhiteElo "2551"]
[BlackElo "2421"]
[PlyCount "92"]
[EventDate "2025.03.11"]
[EventType "swiss (blitz)"]
[EventRounds "11"]
[EventCountry "USA"]
[SourceTitle "CB12_2025"]
[SourceDate "2025.03.19"]
[SourceVersion "1"]
[SourceVersionDate "2025.03.19"]
[SourceQuality "1"]

1. Nc3 d6 2. e4 Nf6 3. d4 e5 4. Nf3 Nbd7 5. Rg1 h5 6. h3 c6 7. a4 a5 8. Be3 Be7 9. Qd2 exd4 10. Nxd4 Nc5 11. f3 Qb6 12. 0-0-0 Qb4 13. b3 Be6 14. Nxe6 fxe6 15. Kb2 d5 16. exd5 exd5 17. g4 hxg4 18. hxg4 0-0-0 19. Qd4 Qb6 20. g5 Nfd7 21. f4 Rh2 22. Rg2 Rh3 23. Re2 Rf3 24. Bg2 Rg3 25. Rh1 Bd6 26. Rh2 Nf8 27. Bh3+ Kb8 28. Rh1 Rxh3 29. Rxh3 Nfe6 30. Qd1 d4 31. Bxd4 Nxf4 32. Bxc5 Bxc5 33. Rd2 Rxd2 34. Qxd2 Nxh3 35. Qh2+ Ka7 36. Qxh3 Bd4 37. Kc1 Qc5 38. Ne4 Qa3+ 39. Kd2 Qa1 40. Qd3 Qg1 41. Qe2 Qh1 42. Kd3 c5 43. Kc4 Qh3 44. c3 Qe6+ 45. Kb5 Qxb3+ 46. Kxa5 Qb6# 0-1